Capitales du Monde. Niveau: IMPOSSIBLE - Statistiques

Statistiques générales
  • Ce quiz a été pris 204 fois
  • Le résultat moyen est 9 sur 15
Statistiques - réponses
Pays Capitale % Correct
Madagascar Antananarivo
93%
Burkina Faso Ouagadougou
81%
Ouzbékistan Tachkent
71%
Kirghizistan Bichkek
67%
Tadjikistan Douchanbé
65%
Koweït Koweït City
64%
Zambie Lusaka
61%
Comores Moroni
60%
Malawi Lilongwe
58%
Soudan du Sud Djouba
55%
Lesotho Maseru
54%
Bhoutan Thimphou
54%
Vanuatu Port-Vila
51%
Samoa Apia
49%
Nauru Yaren
46%
Aucun quiz correspondant
Distribution des résultats
% des personnes avec chaque résultat
Percentile par nombre de réponses
Votre historique - résultats
Vous n’avez pas pris ce quiz